000 00551nam a2200205Ia 4500
005 20250923150206.0
008 008 250917s9999 xx 000 0 eng d
037 _aTextual
040 _aDSWL
_beng
_cDSWL
041 _aeng
_2eng
084 _qDSWL
100 _aHutter, I
_9843229
245 0 _aChild Spacing & Reproductive Health in Rural Karnatka ,India
_cby I Hutter
260 _aNew Delhi
_b Manohar Publication
_c2006
300 _a343 p.
365 _aINR
_b875
925 _g875
942 _cTEXL
999 _c1460642
_d1460642